[Event "EST ch Teams"]
[Site "Tallinn"]
[Date "2020.08.29"]
[Round "3"]
[White "Garanin, Aleksei"]
[Black "Kiik, Kalle"]
[Result "0-1"]
[WhiteElo "2223"]
[BlackElo "2372"]
[PlyCount "128"]
[EventDate "2020.08.28"]
[EventType "team"]
[EventCountry "EST"]
[SourceVersionDate "2020.09.06"]
[WhiteTeam "SK Maletäht"]
[BlackTeam "Pühajärve MK"]
[WhiteTeamCountry "EST"]
[BlackTeamCountry "EST"]

1. d4 g6 2. e4 Bg7 3. Nc3 d6 4. g3 Nd7 5. Bg2 e5 6. Nge2 Ngf6 7. O-O O-O 8. h3
c6 9. Be3 Re8 10. g4 Nb6 11. b3 Bxg4 12. hxg4 Nxg4 13. Bh3 Nxe3 14. fxe3 Qg5+
15. Kh2 Qxe3 16. Qd3 Qxd3 17. cxd3 exd4 18. Nd1 d5 19. Ng3 dxe4 20. dxe4 d3 21.
Rc1 h5 22. Bg2 Rad8 23. Nf2 Be5 24. Kh3 Rd6 25. Rfd1 Red8 26. Bf1 d2 27. Rc2
Na8 28. Kg2 Nc7 29. Bc4 b5 30. Bd5 h4 31. Nf1 cxd5 32. Rxc7 dxe4 33. Re7 Bf6
34. Rxe4 Bc3 35. Rxh4 f5 36. Rh3 b4 37. a4 Kg7 38. Ne3 Re6 39. Rdh1 Kf6 40.
Ned1 Re1 41. Re3 Re8 42. Rxe8 Rxe8 43. Rh7 a5 44. Ra7 Re5 45. Rc7 Re1 46. Rc6+
Ke5 47. Rc8 g5 48. Rc5+ Ke6 49. Rc6+ Kd5 50. Rc8 g4 51. Rd8+ Ke6 52. Re8+ Kf7
53. Ra8 f4 54. Rxa5 g3 55. Rd5 Ke6 56. Rd3 gxf2 57. Nxf2 Rb1 58. Kf3 Rxb3 59.
Kxf4 Rb1 60. Ke3 Re1+ 61. Kf3 Ra1 62. Ke2 Re1+ 63. Kf3 Rf1 64. a5 b3 0-1

[Event "EST ch Teams"]
[Site "Tallinn"]
[Date "2020.08.29"]
[Round "3"]
[White "Seeman, Tarvo"]
[Black "Aga, Rihard"]
[Result "1-0"]
[WhiteElo "2410"]
[BlackElo "2022"]
[PlyCount "45"]
[EventDate "2020.08.28"]
[EventType "team"]
[EventCountry "EST"]
[SourceVersionDate "2020.09.06"]
[WhiteTeam "Pühajärve MK"]
[BlackTeam "SK Maletäht"]
[WhiteTeamCountry "EST"]
[BlackTeamCountry "EST"]

1. Nf3 Nf6 2. g3 g6 3. Bg2 d5 4. c4 c6 5. b3 Bg7 6. Bb2 O-O 7. O-O Nbd7 8. d4
Ne4 9. Nbd2 f5 10. e3 e6 11. a4 g5 12. Ne1 e5 13. cxd5 cxd5 14. Ndf3 exd4 15.
Bxd4 g4 16. Nh4 Ne5 17. Nd3 Nxd3 18. Qxd3 Be6 19. Rac1 Bh6 20. Qb5 Rf7 21. Bxe4
dxe4 22. Qe5 Qxh4 23. Qh8# 1-0

[Event "EST ch Teams"]
[Site "Tallinn"]
[Date "2020.08.29"]
[Round "3"]
[White "Andrijashkin, Deniss"]
[Black "Sepp, Olav"]
[Result "1-0"]
[WhiteElo "1915"]
[BlackElo "2414"]
[PlyCount "103"]
[EventDate "2020.08.28"]
[EventType "team"]
[EventCountry "EST"]
[SourceVersionDate "2020.09.06"]
[WhiteTeam "SK Maletäht"]
[BlackTeam "Pühajärve MK"]
[WhiteTeamCountry "EST"]
[BlackTeamCountry "EST"]

1. e4 e5 2. Nf3 Nc6 3. Bb5 Nf6 4. d3 d6 5. c3 g6 6. O-O Bg7 7. Re1 O-O 8. Nbd2
Bd7 9. Nf1 Qe8 10. Ng3 Kh8 11. Ba4 Ng8 12. Bc2 f5 13. exf5 gxf5 14. d4 f4 15.
Qd3 Qg6 16. Qxg6 hxg6 17. Ne2 Nge7 18. dxe5 dxe5 19. Ng5 Bh6 20. Ne4 Bf5 21. f3
Rad8 22. g4 Bxe4 23. Bxe4 Bg5 24. b3 Bh4 25. Rf1 Kh7 26. c4 Rd7 27. Ba3 Rfd8
28. Nc3 Nd4 29. Kh1 c6 30. Rad1 b5 31. Bc5 bxc4 32. bxc4 Kg7 33. Rd2 Ne6 34.
Rxd7 Rxd7 35. Bxe7 Bxe7 36. Bxc6 Rd3 37. Nb5 Bc5 38. Bd5 Nd4 39. Nxd4 Bxd4 40.
g5 Ra3 41. Rc1 Bc5 42. Rc2 Re3 43. h4 a5 44. Rb2 Bb4 45. c5 Bxc5 46. Rb7+ Kf8
47. h5 gxh5 48. g6 Re1+ 49. Kh2 Rg1 50. Rf7+ Ke8 51. g7 Rg3 52. Rb7 1-0

[Event "EST ch Teams"]
[Site "Tallinn"]
[Date "2020.08.29"]
[Round "3"]
[White "Maidla, Vallo"]
[Black "Sadekov, Maksim"]
[Result "1-0"]
[WhiteElo "2401"]
[BlackElo "1684"]
[PlyCount "69"]
[EventDate "2020.08.28"]
[EventType "team"]
[EventCountry "EST"]
[SourceVersionDate "2020.09.06"]
[WhiteTeam "Pühajärve MK"]
[BlackTeam "SK Maletäht"]
[WhiteTeamCountry "EST"]
[BlackTeamCountry "EST"]

1. e4 e6 2. d4 d5 3. Nd2 Nf6 4. e5 Nfd7 5. Bd3 c5 6. c3 Nc6 7. Ne2 Qb6 8. Nf3
Be7 9. O-O O-O 10. Nf4 a5 11. a3 Qc7 12. Bc2 Rd8 13. Re1 Nf8 14. Nh5 cxd4 15.
cxd4 Bd7 16. h4 Rdc8 17. Bg5 b5 18. Qd2 Ng6 19. Bxg6 fxg6 20. Nf4 Rf8 21. Rac1
Qd8 22. Nxe6 Bxe6 23. Rxc6 Qd7 24. Rec1 h6 25. Rc7 Bxg5 26. hxg5 Qd8 27. gxh6
Rf7 28. Rxf7 Bxf7 29. Ng5 Qe7 30. e6 Be8 31. hxg7 Kxg7 32. Qf4 Ra7 33. Rc3 b4
34. Rh3 Kg8 35. Rh7 1-0

[Event "EST ch Teams"]
[Site "Tallinn"]
[Date "2020.08.29"]
[Round "3"]
[White "Nikitin, Arseni"]
[Black "Lumiste, Rene"]
[Result "0-1"]
[WhiteElo "1588"]
[BlackElo "2085"]
[PlyCount "76"]
[EventDate "2020.08.28"]
[EventType "team"]
[EventCountry "EST"]
[SourceVersionDate "2020.09.06"]
[WhiteTeam "SK Maletäht"]
[BlackTeam "Pühajärve MK"]
[WhiteTeamCountry "EST"]
[BlackTeamCountry "EST"]

1. e4 c5 2. Be2 Nc6 3. f4 d6 4. Nf3 g6 5. d3 Bg7 6. O-O e6 7. c3 Nge7 8. Kh1 d5
9. e5 h5 10. Be3 b6 11. Na3 Bb7 12. Nc2 Nf5 13. Bf2 Bh6 14. Qd2 d4 15. cxd4
cxd4 16. Nb4 Bxf4 17. Qxf4 Nxb4 18. Bxd4 Nc2 19. Bc3 Nxa1 20. Rxa1 Qd7 21. Ng5
O-O-O 22. Ne4 Kb8 23. Nd6 Bd5 24. Nxf5 gxf5 25. Kg1 Qb7 26. Bf1 Rdg8 27. Qd2
Rg6 28. g3 h4 29. Qe3 hxg3 30. hxg3 Rh1+ 31. Kf2 Rgh6 32. Qg5 Rg6 33. Qd8+ Qc8
34. Qd6+ Kb7 35. Qe7+ Qc7 36. Qf8 Qc5+ 37. Qxc5 bxc5 38. b4 Rh2+ 0-1

[Event "EST ch Teams"]
[Site "Tallinn"]
[Date "2020.08.29"]
[Round "3"]
[White "Jezhov, Roman"]
[Black "Pedoson, Georg Aleksander"]
[Result "1-0"]
[WhiteElo "2272"]
[BlackElo "2132"]
[PlyCount "83"]
[EventDate "2020.08.28"]
[EventType "team"]
[EventCountry "EST"]
[SourceVersionDate "2020.09.06"]
[WhiteTeam "Kadrioru MK"]
[BlackTeam "MK Kaksikodad"]
[WhiteTeamCountry "EST"]
[BlackTeamCountry "EST"]

1. e4 c6 2. d4 d5 3. Nc3 dxe4 4. Nxe4 Nf6 5. Nxf6+ gxf6 6. c3 Nd7 7. Nf3 Nb6 8.
g3 Qd5 9. Bg2 Qe4+ 10. Qe2 Qxe2+ 11. Kxe2 Bg7 12. Re1 Bg4 13. Kf1 Bxf3 14. Bxf3
e6 15. h4 f5 16. a4 a5 17. Bf4 Nd5 18. Bxd5 cxd5 19. Ra3 Kd7 20. Rb3 Ra7 21.
Rb5 Rc8 22. Ke2 Bf8 23. Kd3 Bd6 24. Bd2 Rc6 25. b3 b6 26. c4 dxc4+ 27. bxc4
Rac7 28. Rc1 Rc8 29. Be3 Bb4 30. d5 exd5 31. Rxd5+ Ke6 32. Bd4 f6 33. Rc2 Be7
34. Re2+ Kf7 35. Rd7 Re6 36. Rxe6 Kxe6 37. Rb7 Bc5 38. Bxc5 bxc5 39. Rb6+ Kf7
40. Rb5 Kg6 41. Rxa5 Kh5 42. Ra6 1-0

[Event "EST ch Teams"]
[Site "Tallinn"]
[Date "2020.08.29"]
[Round "3"]
[White "Orgse, Karl Kristofer"]
[Black "Petrov, Dmitri"]
[Result "0-1"]
[WhiteElo "1724"]
[BlackElo "2192"]
[PlyCount "58"]
[EventDate "2020.08.28"]
[EventType "team"]
[EventCountry "EST"]
[SourceVersionDate "2020.09.06"]
[WhiteTeam "MK Kaksikodad"]
[BlackTeam "Kadrioru MK"]
[WhiteTeamCountry "EST"]
[BlackTeamCountry "EST"]

1. d4 d5 2. c4 c6 3. Nc3 Nf6 4. Nf3 a6 5. e3 b5 6. cxd5 cxd5 7. Bd3 e6 8. O-O
Be7 9. Ne5 O-O 10. Ne2 Bb7 11. Bd2 Nbd7 12. Rc1 Qb6 13. Qc2 Rac8 14. Qb1 Nxe5
15. dxe5 Ne4 16. Rfd1 f5 17. Bc3 Nxc3 18. Rxc3 Rxc3 19. Nxc3 Qc7 20. f4 Qb6 21.
Re1 d4 22. Nd1 dxe3 23. Nxe3 Qd4 24. g3 Bc5 25. Kf1 Rd8 26. Bc2 Bf3 27. Bb3 Qd2
28. Bxe6+ Kh8 29. Qc2 Bg2+ 0-1

[Event "EST ch Teams"]
[Site "Tallinn"]
[Date "2020.08.29"]
[Round "3"]
[White "Shlõkov, Vitali"]
[Black "Grents, Joosep"]
[Result "1-0"]
[WhiteElo "2245"]
[BlackElo "1772"]
[PlyCount "43"]
[EventDate "2020.08.28"]
[EventType "team"]
[EventCountry "EST"]
[SourceVersionDate "2020.09.06"]
[WhiteTeam "Kadrioru MK"]
[BlackTeam "MK Kaksikodad"]
[WhiteTeamCountry "EST"]
[BlackTeamCountry "EST"]

1. e4 d6 2. d4 Nf6 3. Nc3 Nbd7 4. f4 e5 5. dxe5 dxe5 6. fxe5 Nxe5 7. Qxd8+ Kxd8
8. Nf3 Bd6 9. Bg5 c6 10. O-O-O Kc7 11. Be2 Nxf3 12. gxf3 h6 13. Be3 Re8 14.
Rxd6 Kxd6 15. Rd1+ Kc7 16. Bf4+ Kb6 17. Na4+ Ka5 18. b3 b5 19. Bc7+ Kb4 20. Kb2
bxa4 21. a3+ Kc5 22. b4# 1-0

[Event "EST ch Teams"]
[Site "Tallinn"]
[Date "2020.08.29"]
[Round "3"]
[White "Snitsarenko, Igor"]
[Black "Neff, Sergei"]
[Result "0-1"]
[WhiteElo "1578"]
[BlackElo "2141"]
[PlyCount "66"]
[EventDate "2020.08.28"]
[EventType "team"]
[EventCountry "EST"]
[SourceVersionDate "2020.09.06"]
[WhiteTeam "MK Kaksikodad"]
[BlackTeam "Kadrioru MK"]
[WhiteTeamCountry "EST"]
[BlackTeamCountry "EST"]

1. e4 b6 2. g3 Bb7 3. Bg2 Nf6 4. Nc3 e6 5. d3 d5 6. Bg5 h6 7. Bxf6 Qxf6 8. exd5
Bb4 9. Nge2 Bxd5 10. Bxd5 exd5 11. O-O c6 12. a3 Bd6 13. Nc1 O-O 14. Nb3 Nd7
15. Qd2 Rae8 16. Rfe1 Ne5 17. Nd4 Bc5 18. Nce2 Ng4 19. Qf4 Rxe2 20. Nxe2 Bxf2+
21. Kg2 Bxe1 22. Rxe1 Qe6 23. h3 Ne3+ 24. Kf2 Re8 25. Qf3 Qxh3 26. Nf4 Qh2+ 27.
Ng2 d4 28. c3 Re6 29. cxd4 Nxg2 30. Rxe6 Nh4+ 31. Ke3 Nxf3 32. Re8+ Kh7 33.
Kxf3 Qxb2 0-1

[Event "EST ch Teams"]
[Site "Tallinn"]
[Date "2020.08.29"]
[Round "3"]
[White "Krivenko, Dion"]
[Black "Vipp, Venno"]
[Result "1-0"]
[WhiteElo "2025"]
[BlackElo "1712"]
[PlyCount "139"]
[EventDate "2020.08.28"]
[EventType "team"]
[EventCountry "EST"]
[SourceVersionDate "2020.09.06"]
[WhiteTeam "Kadrioru MK"]
[BlackTeam "MK Kaksikodad"]
[WhiteTeamCountry "EST"]
[BlackTeamCountry "EST"]

1. e4 c5 2. Nf3 g6 3. d4 Bg7 4. Nc3 cxd4 5. Nxd4 Nc6 6. Be3 e6 7. Ndb5 Bxc3+ 8.
bxc3 d5 9. exd5 exd5 10. Qxd5 Qxd5 11. Nc7+ Kf8 12. Nxd5 Bf5 13. Bd3 Rd8 14.
Bxf5 gxf5 15. Nb4 Nge7 16. Bh6+ Ke8 17. O-O Rg8 18. Rfd1 Rc8 19. Nd5 Rg6 20.
Be3 b6 21. Nf4 Rg8 22. Rab1 Ne5 23. Rb5 f6 24. Nh5 Kf7 25. Nxf6 Nf3+ 26. Kh1
Kxf6 27. gxf3 Kf7 28. Bd4 Rgd8 29. Rg1 Rg8 30. a4 Rg6 31. a5 bxa5 32. Rxa5
Rxg1+ 33. Kxg1 Nc6 34. Rxf5+ Ke6 35. Rh5 a5 36. Rxh7 a4 37. Bc5 Ne5 38. Bb4
Nxf3+ 39. Kg2 Ne1+ 40. Kf1 Nxc2 41. Ra7 a3 42. Ke2 Nxb4 43. cxb4 Rc2+ 44. Kf3
a2 45. Ra5 Rb2 46. Kg3 Kf6 47. h4 Kg6 48. b5 a1=Q 49. Rxa1 Rxb5 50. Kg4 Rc5 51.
Ra6+ Kh7 52. f4 Kg7 53. h5 Kh7 54. f5 Rc8 55. Kg5 Rg8+ 56. Rg6 Rf8 57. f6 Rf7
58. Rh6+ Kg8 59. Rg6+ Kh8 60. Kf5 Ra7 61. Rg3 Kh7 62. Rd3 Ra6 63. Rd8 Ra2 64.
f7 Rf2+ 65. Ke6 Re2+ 66. Kd7 Rd2+ 67. Kc7 Rc2+ 68. Kb6 Rb2+ 69. Ka5 Rb7 70.
Rh8+ 1-0

[Event "EST ch Teams"]
[Site "Tallinn"]
[Date "2020.08.29"]
[Round "3"]
[White "Shnurov, Daniil"]
[Black "Rauk, Tõnu"]
[Result "1/2-1/2"]
[WhiteElo "1532"]
[BlackElo "2141"]
[PlyCount "73"]
[EventDate "2020.08.28"]
[EventType "team"]
[EventCountry "EST"]
[SourceVersionDate "2020.09.06"]
[WhiteTeam "MK Kaksikodad"]
[BlackTeam "Kadrioru MK"]
[WhiteTeamCountry "EST"]
[BlackTeamCountry "EST"]

1. d4 Nf6 2. c4 e6 3. Nc3 Bb4 4. e3 O-O 5. Nf3 d5 6. cxd5 exd5 7. h3 c6 8. Bd3
Re8 9. O-O Nbd7 10. Qc2 Bd6 11. Re1 Nf8 12. Bd2 Ne6 13. e4 dxe4 14. Nxe4 Nxe4
15. Bxe4 h6 16. Rad1 Bd7 17. a3 a5 18. d5 cxd5 19. Bxd5 Rc8 20. Bc3 Qb6 21.
Bxe6 Bxe6 22. Qd2 Bc5 23. Bd4 Bb3 24. Bxc5 Rxe1+ 25. Rxe1 Qxc5 26. Qe3 Qxe3 27.
Rxe3 Rc1+ 28. Kh2 a4 29. Nd4 Bc4 30. b3 axb3 31. Nxb3 Rc2 32. Kg3 Kf8 33. Nd4
Ra2 34. Nf5 Be6 35. Nd4 Bd5 36. Nf5 Be6 37. Nd4 1/2-1/2

[Event "EST ch Teams"]
[Site "Tallinn"]
[Date "2020.08.30"]
[Round "4"]
[White "Jezhov, Roman"]
[Black "Garanin, Aleksei"]
[Result "1/2-1/2"]
[WhiteElo "2272"]
[BlackElo "2223"]
[Annotator "Dell"]
[PlyCount "24"]
[EventDate "2020.08.28"]
[EventType "team"]
[EventCountry "EST"]
[SourceVersionDate "2020.09.06"]
[WhiteTeam "Kadrioru MK"]
[BlackTeam "SK Maletäht"]
[WhiteTeamCountry "EST"]
[BlackTeamCountry "EST"]

1. e4 c5 2. Be2 Nc6 3. f4 Nf6 4. d3 g6 5. Nf3 Bg7 6. O-O O-O 7. c3 d5 8. e5 Ne8
9. d4 Qb6 10. Na3 Bf5 11. Nb5 f6 12. Be3 c4 1/2-1/2

[Event "EST ch Teams"]
[Site "Tallinn"]
[Date "2020.08.30"]
[Round "4"]
[White "Aga, Rihard"]
[Black "Petrov, Dmitri"]
[Result "0-1"]
[WhiteElo "2022"]
[BlackElo "2192"]
[PlyCount "70"]
[EventDate "2020.08.28"]
[EventType "team"]
[EventCountry "EST"]
[SourceVersionDate "2020.09.06"]
[WhiteTeam "SK Maletäht"]
[BlackTeam "Kadrioru MK"]
[WhiteTeamCountry "EST"]
[BlackTeamCountry "EST"]

1. d4 d5 2. c4 c6 3. Nc3 Nf6 4. Nf3 a6 5. cxd5 cxd5 6. Bf4 Nc6 7. e3 Bg4 8. Be2
e6 9. h3 Bh5 10. O-O h6 11. Qb3 Ra7 12. Ne5 Bd6 13. Nxc6 bxc6 14. Bxd6 Qxd6 15.
Qb6 Ra8 16. Bxa6 O-O 17. Bb7 Rab8 18. Qxc6 Qb4 19. Ba6 Rb6 20. Qa4 Qxa4 21.
Nxa4 Rxa6 22. Nc5 Rb6 23. b3 Ra8 24. a4 Ne4 25. f3 Nxc5 26. dxc5 Rxb3 27. Rfc1
Kf8 28. Kf2 Ke7 29. Ke2 Kd7 30. c6+ Kc7 31. Rc5 Rb6 32. Kd2 Rxc6 33. Rxc6+ Kxc6
34. Kc3 e5 35. Ra2 Kc5 0-1

[Event "EST ch Teams"]
[Site "Tallinn"]
[Date "2020.08.30"]
[Round "4"]
[White "Shlõkov, Vitali"]
[Black "Andrijashkin, Deniss"]
[Result "0-1"]
[WhiteElo "2245"]
[BlackElo "1915"]
[PlyCount "60"]
[EventDate "2020.08.28"]
[EventType "team"]
[EventCountry "EST"]
[SourceVersionDate "2020.09.06"]
[WhiteTeam "Kadrioru MK"]
[BlackTeam "SK Maletäht"]
[WhiteTeamCountry "EST"]
[BlackTeamCountry "EST"]

1. e4 e5 2. Nf3 Nc6 3. Bb5 g6 4. d4 exd4 5. Nxd4 Bg7 6. Nxc6 bxc6 7. Bd3 Nf6 8.
O-O O-O 9. Nc3 d5 10. Bg5 h6 11. Bh4 g5 12. Bg3 Re8 13. exd5 cxd5 14. Nb5 Re7
15. Nd4 Qe8 16. Nf5 Bxf5 17. Bxf5 Qb5 18. Rb1 Ne4 19. h4 Nxg3 20. fxg3 Qc5+ 21.
Kh1 Re3 22. hxg5 Rxg3 23. gxh6 Bxh6 24. Qh5 Qe3 25. Bd3 Rf8 26. Qf5 Rg7 27.
Qxd5 Rg4 28. Qh5 Qg3 29. Qh3 Rh4 30. Rg1 Kh8 0-1

[Event "EST ch Teams"]
[Site "Tallinn"]
[Date "2020.08.30"]
[Round "4"]
[White "Sadekov, Maksim"]
[Black "Neff, Sergei"]
[Result "0-1"]
[WhiteElo "1684"]
[BlackElo "2141"]
[PlyCount "122"]
[EventDate "2020.08.28"]
[EventType "team"]
[EventCountry "EST"]
[SourceVersionDate "2020.09.06"]
[WhiteTeam "SK Maletäht"]
[BlackTeam "Kadrioru MK"]
[WhiteTeamCountry "EST"]
[BlackTeamCountry "EST"]

1. d4 b6 2. c4 Bb7 3. e3 d6 4. Nf3 Nd7 5. Nc3 e5 6. Be2 g6 7. a3 a5 8. b3 Bg7
9. Bb2 Ne7 10. b4 O-O 11. O-O Nf5 12. d5 Re8 13. Qc2 c6 14. Rfd1 c5 15. Nb5 Ba6
16. e4 Bxb5 17. exf5 Ba6 18. bxa5 gxf5 19. Qxf5 Bc8 20. axb6 Nxb6 21. Qh5 h6
22. Nd2 Na4 23. Rab1 Nxb2 24. Rxb2 Rxa3 25. Ne4 Rf8 26. Rb8 f5 27. Rxc8 Qxc8
28. Nxd6 Qd7 29. Nb5 Ra2 30. Kf1 e4 31. Qg6 Rf6 32. Qg3 f4 33. Qb3 Rfa6 34. Nc3
Bxc3 35. Qxc3 Qg7 36. Qh3 Ra1 37. Qc8+ Qf8 38. Qg4+ Kh8 39. Qh5 Rxd1+ 40. Bxd1
Qe7 41. Qh3 Rf6 42. Qc8+ Qf8 43. Qc7 Qd6 44. Qxd6 Rxd6 45. Bc2 Kg7 46. Bxe4 Kf6
47. Ke2 Ke5 48. Kd3 Ra6 49. Bf3 Ra3+ 50. Kd2 Ra2+ 51. Ke1 Ra6 52. g3 Rf6 53.
Ke2 Rf8 54. Bg4 Rf6 55. Be6 Kd4 56. gxf4 Rxf4 57. f3 Ke5 58. h3 Rxc4 59. Kd3
Rd4+ 60. Ke3 c4 61. d6 Rd3+ 0-1

[Event "EST ch Teams"]
[Site "Tallinn"]
[Date "2020.08.30"]
[Round "4"]
[White "Krivenko, Dion"]
[Black "Nikitin, Arseni"]
[Result "1-0"]
[WhiteElo "2025"]
[BlackElo "1588"]
[PlyCount "71"]
[EventDate "2020.08.28"]
[EventType "team"]
[EventCountry "EST"]
[SourceVersionDate "2020.09.06"]
[WhiteTeam "Kadrioru MK"]
[BlackTeam "SK Maletäht"]
[WhiteTeamCountry "EST"]
[BlackTeamCountry "EST"]

1. e4 c5 2. Nf3 d6 3. d4 cxd4 4. Qxd4 Nc6 5. Bb5 Qa5+ 6. Nc3 Bd7 7. Qd3 Nf6 8.
Bg5 Nb4 9. Bxd7+ Nxd7 10. Qe2 h6 11. Be3 Nf6 12. O-O e6 13. a3 Nc6 14. b4 Qc7
15. Nb5 Qe7 16. Rad1 Nxe4 17. Bf4 a6 18. Bxd6 Nxd6 19. Nxd6+ Qxd6 20. Rxd6 Bxd6
21. g4 h5 22. g5 Ke7 23. g6 f6 24. Re1 Ne5 25. Nxe5 Bxe5 26. Qe4 Rad8 27. f4
Bd4+ 28. Kg2 e5 29. Qxb7+ Rd7 30. Qc6 Rh6 31. f5 h4 32. Rd1 h3+ 33. Kh1 Rd6 34.
Qc7+ Rd7 35. Qc6 Rd6 36. Qc4 1-0

[Event "EST ch Teams"]
[Site "Tallinn"]
[Date "2020.08.30"]
[Round "4"]
[White "Rikas, Artur"]
[Black "Rauk, Tõnu"]
[Result "0-1"]
[WhiteElo "1563"]
[BlackElo "2141"]
[PlyCount "60"]
[EventDate "2020.08.28"]
[EventType "team"]
[EventCountry "EST"]
[SourceVersionDate "2020.09.06"]
[WhiteTeam "SK Maletäht"]
[BlackTeam "Kadrioru MK"]
[WhiteTeamCountry "EST"]
[BlackTeamCountry "EST"]

1. e4 c5 2. Nc3 e6 3. Nge2 a6 4. g3 b5 5. Bg2 Bb7 6. d4 cxd4 7. Nxd4 Nf6 8. O-O
b4 9. Nd5 exd5 10. exd5 Bc5 11. Nf5 O-O 12. Bg5 d6 13. Re1 Nbd7 14. Qf3 Ne5 15.
Qf4 Ng6 16. Qf3 Bc8 17. Bh3 Bxf5 18. Bxf5 h6 19. Bd2 Ne5 20. Qg2 Nfg4 21. Re2
Qf6 22. Bxg4 Nxg4 23. Be3 Nxe3 24. fxe3 Qxb2 25. Rae1 Qxa2 26. g4 Rae8 27. g5
hxg5 28. Qxg5 Re5 29. Qg4 Qxd5 30. Rg2 g6 0-1

[Event "EST ch Teams"]
[Site "Tallinn"]
[Date "2020.08.30"]
[Round "4"]
[White "Külaots, Kaido"]
[Black "Volodin, Aleksander"]
[Result "1-0"]
[WhiteElo "2529"]
[BlackElo "2482"]
[Annotator "Dell"]
[PlyCount "83"]
[EventDate "2020.08.28"]
[EventType "team"]
[EventCountry "EST"]
[SourceVersionDate "2020.09.06"]
[WhiteTeam "Pühajärve MK"]
[BlackTeam "SK Diagonaal"]
[WhiteTeamCountry "EST"]
[BlackTeamCountry "EST"]

1. e4 c5 2. Nf3 d6 3. d4 cxd4 4. Nxd4 Nf6 5. Nc3 a6 6. Be3 e5 7. Nb3 Be7 8. f3
Be6 9. Qd2 O-O 10. O-O-O Nbd7 11. g4 Rc8 12. h4 b5 13. h5 b4 14. Nd5 Bxd5 15.
exd5 Nb6 16. Bxb6 Qxb6 17. g5 Nd7 18. Kb1 a5 19. Bh3 Rc7 20. g6 a4 21. Nc1 Nc5
22. Rdg1 Bf6 23. Bf5 b3 24. cxb3 axb3 25. a3 e4 26. gxf7+ Rfxf7 (26... Kh8 27.
Rg6 $1 (27. h6 g6 28. Bxg6 hxg6 29. Rxg6 Rcxf7) (27. Bg6 h6 $17 (27... Na4 28.
h6) 28. Rg4 $2 Bxb2 $3 29. Qxb2 Na4 $19) 27... Na4 28. h6 $1 hxg6 29. Qg2 Rxc1+
$1 30. Rxc1 g5 31. hxg7+ Kxg7 32. Qh2 Nc3+ 33. Rxc3 (33. bxc3 Rxf7 $13) 33...
Bxc3 34. bxc3 (34. Qh7+ Kf6 35. Qg6+ Ke5 36. Qe6+ Kf4 37. Qxe4+ Kg3 38. bxc3
Qg1+ 39. Kb2) 34... Rxf7 35. Qh7+ Kf8 36. Qh6+ Ke7 37. Qe6+ Kf8 38. Qh6+ $11)
27. Qh6 (27. h6 $1 g6 (27... Na4 28. Bxh7+ Kf8 29. Bxe4 gxh6 30. Qxh6+ Ke7 31.
Qh3 Kf8 32. Rg2) 28. Bxg6 hxg6 29. Rxg6+ Kh8 30. Qg2 Rf8 31. Rg7 Ne6 $3 32.
dxe6 (32. Qg6 Ng5 33. Ne2 Qc5 (33... exf3 34. Nf4 Qf2 35. Qh7+ Nxh7 36. Ng6#)
34. Rc1 Qxd5 35. Rcxc7 Qd3+ 36. Ka1 Bxb2+ 37. Kxb2 Qxe2+ 38. Kc3 Qd3+ 39. Kb4
Qd4+ 40. Kb5 Qd5+ 41. Kb6 Rb8+ 42. Rb7 Qc5+ 43. Ka6 Ra8+ 44. Ra7 $11 {[#]})
32... Rc2 33. e7 $3 Qb8 $3 34. exf8=Q+ Qxf8 35. fxe4 Rxb2+ $3 36. Qxb2 Bxb2 37.
Rhg1 (37. Kxb2 Qf2+ 38. Kxb3 Qf3+ 39. Kb2 Qxh1) 37... Bxa3 38. Nxb3 d5 $1 39.
exd5 Qf5+ 40. Ka2 Qc2+ 41. Kxa3 Qxb3+ $1 42. Kxb3 $11 {[#]}) 27... Na4 28.
Qxh7+ Kf8 29. Qh8+ Ke7 30. Rg4 Qf2 (30... Bxb2 31. Rxe4+ Be5) 31. Rxe4+ Be5 32.
Nd3 (32. Rxe5+ dxe5 33. d6+ Kf6 $3 34. Nd3 $3 (34. Qd8+ Kxf5) 34... Qg2 (34...
Qxf3 35. Rg1) 35. Re1 (35. Qd8+ Rfe7 $3 (35... Kxf5 36. Re1 $18) 36. Re1 (36.
Qf8+ Rf7 37. Qd8+ $11) 36... Nc3+ $1 37. Ka1 Ra7 38. Qf8+ Rf7 $11) 35... Nc3+
36. Ka1 Ra7 37. Qd8+ Rfe7 (37... Kxf5 38. Rxe5#) 38. Qf8+ Rf7 39. Qd8+) 32...
Qc2+ (32... Qxf3 33. Rxe5+ dxe5 34. d6+ Kxd6 $3 (34... Kf6 35. Rg1 Kxf5 36.
dxc7 Qxd3+ 37. Ka1 Rxc7 38. Qh7+ Ke6 39. Qxd3 $18) 35. Qd8+ Rcd7 $1 (35... Rfd7
36. Qf8+ Re7 37. Rg1 e4 38. Rg6+ Kd5 39. Qa8+ Kd4 40. Qxa4+ Kxd3 41. Rg3 $18)
36. Qb8+ Rc7) 33. Ka1 Rxf5 34. Qxg7+ Ke8 35. Qg6+ Kd8 36. Qg8+ Kd7 37. Qe6+ Kd8
38. Rxe5 Rxe5 (38... dxe5 39. Qxf5 Nxb2 40. Qf8+ Kd7 41. Nxe5#) 39. Qxd6+ Kc8
40. Qxe5 Nxb2 41. Nb4 Qg2 42. Qe6+ 1-0

[Event "EST ch Teams"]
[Site "Tallinn"]
[Date "2020.08.30"]
[Round "4"]
[White "Seeman, Tarvo"]
[Black "Golubenko, Valeri"]
[Result "1/2-1/2"]
[WhiteElo "2410"]
[BlackElo "2211"]
[Annotator "Dell"]
[PlyCount "65"]
[EventDate "2020.08.28"]
[EventType "team"]
[EventCountry "EST"]
[SourceVersionDate "2020.09.06"]
[WhiteTeam "Pühajärve MK"]
[BlackTeam "SK Diagonaal"]
[WhiteTeamCountry "EST"]
[BlackTeamCountry "EST"]

1. Nf3 g6 2. e4 Bg7 3. d4 c5 4. c3 cxd4 5. cxd4 d5 6. e5 Bg4 7. Bb5+ Nc6 8.
Nbd2 e6 9. Bxc6+ bxc6 10. O-O Ne7 11. h3 Bxf3 12. Nxf3 O-O 13. b3 c5 14. dxc5
Nc6 15. Bb2 Qc7 16. Re1 a5 17. Rb1 Rfb8 18. a4 Rb7 19. Nd4 Nxd4 20. Bxd4 Rab8
21. Qd3 Rb4 22. g3 h5 23. h4 Bf8 24. Rec1 Bh6 25. f4 Qc6 26. Kh2 Bf8 27. Kh3
Be7 28. Rc3 Rc8 29. Rbc1 Rcb8 30. Qe3 Rc8 31. R1c2 Kf8 32. Rc1 Ke8 33. R1c2
1/2-1/2

[Event "EST ch Teams"]
[Site "Tallinn"]
[Date "2020.08.30"]
[Round "4"]
[White "Timoshin, Andrei"]
[Black "Sepp, Olav"]
[Result "1/2-1/2"]
[WhiteElo "2126"]
[BlackElo "2414"]
[PlyCount "71"]
[EventDate "2020.08.28"]
[EventType "team"]
[EventCountry "EST"]
[SourceVersionDate "2020.09.06"]
[WhiteTeam "SK Diagonaal"]
[BlackTeam "Pühajärve MK"]
[WhiteTeamCountry "EST"]
[BlackTeamCountry "EST"]

1. e4 e5 2. Nf3 Nc6 3. Nc3 Nf6 4. d4 exd4 5. Nxd4 Bb4 6. Nxc6 bxc6 7. Bd3 O-O
8. O-O Re8 9. Re1 d6 10. Bg5 h6 11. Bh4 Qe7 12. Qf3 g5 13. Bg3 Bg4 14. Qe3 Nh5
15. e5 d5 16. a3 Bc5 17. Qd2 Nxg3 18. hxg3 a5 19. Na4 Ba7 20. c4 Rad8 21. c5
Bxc5 22. Rac1 Ba7 23. Rxc6 Kg7 24. Qxa5 Bd4 25. Rxc7 Rd7 26. Rxd7 Qxd7 27. Bb5
Ra8 28. Bxd7 (28. Qxa8 Qxb5 29. b4 Qd3 30. Qc6 Qd2 31. Rf1 Be2 32. Qc1 Qa2 33.
Nc3 Bxc3 34. Qxc3 Bxf1 35. e6+ Kg8 36. exf7+ (36. e7 Bb5) 36... Kxf7 37. Kxf1)
28... Rxa5 29. Bxg4 Rxa4 30. Bd1 Rc4 31. Re2 Rc1 32. Rd2 Bxb2 33. Rxd5 Bxa3 34.
Kh2 Rc5 35. Rd3 Bc1 36. Bb3 1/2-1/2